000 01328cam a22003377a 4500
003 CHAP
005 20220329141934.0
008 980819d1997 mx b rs 00110 spa d
010 _a75961
011 _a76933
020 _a9701315200
035 _a86528
040 _cCHAP
082 0 4 _a352.072
_bI5
110 2 _aInstituto Nacional de Estadística, Geografía e Informática. México
_959304
245 1 0 _aDivisión territorial de los Estados Unidos Mexicanos de 1810 a 1995
_c/por Instituto Nacional de Estadística Geografía e Informática
260 _aAguascalientes, Ags. :
_bInstituto Nacional de Estadística Geografía e Informática,
_c1997.
300 _a152 p. :
_bcuadros ; mapas
590 _aBATCH-UPD
_b10
_c20130110
_lUCH01
_h1718
590 _aBATCH-UPD
_b10
_c20130410
_lUCH01
_h1102
590 _aBATCH-UPD
_b10
_c20130914
_lUCH01
_h0946
590 _aCONVERSION
_b10
_c20130109
_lUCH01
_h1342
650 1 4 _aCiudades y pueblos
_xMéxico.
_923525
650 1 4 _aMéxico
_xDivisiones administrativas y políticas.
_976741
650 1 4 _aMéxico
_xLeyes.
_976778
901 _aBK
905 _aAlejandra Carrasco M.
942 _cLIBRO
949 _a352.072 I5
_bBC
_cINEGI
_d33724000699260
_eINEGI
_h93762
_i86528
_kDon.
_sb
949 _a352.072 I5
_bBC
_cINEGI
_d33724000823530
_eINEGI
_fc.2
_gDonaciØn
_h101491
_i86528
_sb
999 _c75961
_d75961